000 00946nam a2200265 a 4500
001 000014590
005 20240412074241.0
008 100115s2004 dr r 000 p spa d
020 _z9993477648
040 _aDO-SdBNP
_bspa
_cBNPHU
082 _aRD861.44
_bD542b
100 1 _aDíaz Carela, Cecilio
_910256
245 1 4 _aLas bestias del olivo /
_cCecilio Díaz Carela.
260 _aSanto Domingo :
_bUniversitaria,
_c2004.
300 _a84 p. ;
_c21 cm.
490 0 _aPublicaciones de la Universidad Autónoma de Santo Domingo
_v1185
490 0 _aLiteratura y Sociedad
_v48
590 _aInventariado, 2018/BT
650 0 _aPoesía dominicana
_966
650 0 _aLiteratura dominicana.
_967
710 1 _aUniversidad Autónoma de Santo Domingo
_972951
830 0 _aPublicaciones de la Universidad Autónoma de Santo Domingo
_n1185
_933033
830 0 _aLiteratura y Sociedad
_n48
_933034
910 _aValidado. Control de calidad. MMOLINA
999 _c14176
_d14176